Normal view
MARC view
Entry Personal Name
001 - CONTROL NUMBER
- control field: 23694
003 - CONTROL NUMBER IDENTIFIER
- control field: ARRUPE
005 - DATE AND TIME OF LATEST TRANSACTION
- control field: 20160412123756.0
008 - FIXED-LENGTH DATA ELEMENTS
- fixed length control field: 160412|| aca||aabn | a|a d
040 ## - CATALOGING SOURCE
- Original cataloging agency: ARRUPE
- Transcribing agency: ARRUPE
100 ## - HEADING--PERSONAL NAME
- Personal name: Light, Ray O.
670 ## - SOURCE DATA FOUND
- Source citation: Work cat.: (ARRUPE): Light, Ray O., Toward victorious Afro-American national liberation, 1982